Kontinuity

Podrobná bibliografia
Korporatívny autor: Univerzita Konštantína Filozofa v Nitre (Autor)
Ďalší autori: Žilík, Marián, 1948-2017 (Fotograf)
Médium: Kniha
Jazyk:slovenčina
Fyzický popis:2 katalógy ([116, 40] s.) fareb. fotogr. 30 cm
Vydavateľské údaje: Nitra Univerzita Konštantína Filozofa 1999
ISBN:808050282X
Predmet:

MARC

LEADER 00000cam a2200000 a 4500
001 vtls001399477
003 SK-MaSNL
005 20260301053020.0
008 160322s1999 xo ab rd 00000 slo
015 |a SNBE2001/02-01154 
020 |a 808050282X 
035 |a SNK000353940 
040 |a SNK  |b slo  |c SNK  |e AACR2 
041 0 |a slo 
044 |a xo  |c SK 
080 |a 378.4:37:73/76:77(083.9)  |2 1981 
080 |a 37  |2 1981 
080 |a 73/76  |2 1981 
080 |a 77  |2 1981 
110 0 |a Univerzita Konštantína Filozofa v Nitre  |4 aut  |9 123721 
245 1 0 |a Kontinuity  |c grafická úprava Miroslav Nicz ; fotografie Marián Žilík 
260 |a Nitra  |b Univerzita Konštantína Filozofa  |c 1999 
300 |a 2 katalógy ([116, 40] s.)  |b fareb. fotogr.  |c 30 cm 
500 |a Katalóg vydala UKF v Nitre pri príležitosti 40. výročia jej založenia 
500 |a Text čiast. angl. 
500 |a Dva katalógy v prebale 
500 |a 300 výt. 
504 |a Biogr. údaje 
610 2 7 |a Univerzita Konštantína Filozofa v Nitre.  |b Pedagogická fakulta.  |b Katedra výtvarnej tvorby a výchovy  |2 SNKKA  |9 181042 
651 7 |a Nitra (Slovensko)  |2 SNKPHgeo  |9 15714 
655 7 |a informačné publikácie  |2 SNKPH  |9 70181 
700 1 |a Nicz, Miroslav,  |d 1963-  |4 art  |9 186106 
700 1 |a Žilík, Marián,  |d 1948-2017  |4 pht  |9 48543 
919 |a 80-8050-282-X 
958 |a TL 
958 |a BQ 
958 |a BX 
999 |c 607182  |d 609112 
952 |t P60, <03>, [BOOK], {603}  |a SNK  |b SNK  |y PREZ  |7 0  |p 17A0258150  |o snkOSB 12696  |i snkKSP 11560/2000  |0 0  |1 0  |4 0  |d 2000-11-10  |l 0  |r 2005-01-02 00:00:00  |w 2026-02-23 
952 |t P60, <03>, [BOOK], {603}  |a SNK  |b SNK  |y PREZ  |7 0  |p 17A0258151  |o snkOSB 12696/pril.  |0 0  |1 0  |4 0  |d 2000-11-10  |l 0  |r 2005-01-02 00:00:00  |w 2026-02-23 
952 |t P60, <04>, [BOOK], {604}  |a SNK  |b SNK  |y VYP  |7 0  |p 17A0258153  |o snkOSB 12696 D1  |i snkKSP 11561/2000  |0 0  |1 0  |4 0  |d 2000-11-10  |l 0  |r 2005-01-02 00:00:00  |w 2026-02-23 
952 |t P60, <04>, [BOOK], {604}  |a SNK  |b SNK  |y VYP  |7 0  |p 17A0258154  |o snkOSB 12696/pril. D1  |0 0  |1 0  |4 0  |d 2000-11-10  |l 0  |r 2005-01-02 00:00:00  |w 2026-02-23